Быстрое вычисление контрольной суммы CRC32; Современные техника и технологии; Т. 2
| Parent link: | Современные техника и технологии: сборник трудов XVI Международной научно-практической конференции студентов, аспирантов и молодых ученых, Томск, 12-16 апреля 2010 г/ Национальный исследовательский Томский политехнический университет (ТПУ).— , 2010 Т. 2.— 2010.— [С. 360-362] |
|---|---|
| Autor principal: | |
| Altres autors: | , |
| Sumari: | Заглавие с титульного листа Электронная версия печатной публикации |
| Idioma: | rus |
| Publicat: |
2010
|
| Matèries: | |
| Accés en línia: | http://www.lib.tpu.ru/fulltext/c/2010/C01/V2/153.pdf |
| Format: | MixedMaterials Electrònic Capítol de llibre |
| KOHA link: | https://koha.lib.tpu.ru/cgi-bin/koha/opac-detail.pl?biblionumber=233593 |
MARC
| LEADER | 00000naa2a2200000 4500 | ||
|---|---|---|---|
| 001 | 233593 | ||
| 005 | 20251219163923.0 | ||
| 035 | |a (RuTPU)RU\TPU\book\254671 | ||
| 035 | |a RU\TPU\book\254668 | ||
| 090 | |a 233593 | ||
| 100 | |a 20130306d2010 k y0rusy50 ca | ||
| 101 | 0 | |a rus | |
| 102 | |a RU | ||
| 135 | |a drnn ---uucaa | ||
| 181 | 0 | |a i | |
| 182 | 0 | |a b | |
| 200 | 1 | |a Быстрое вычисление контрольной суммы CRC32 |f А. Н. Мальчуков, А. Н. Осокин |g науч. рук. А. Н. Осокин | |
| 203 | |a Текст |c электронный | ||
| 215 | |a 1 файл ( 228 Кб) | ||
| 300 | |a Заглавие с титульного листа | ||
| 300 | |a Электронная версия печатной публикации | ||
| 337 | |a Adobe Reader | ||
| 461 | 0 | |0 (RuTPU)RU\TPU\book\245271 |t Современные техника и технологии |o сборник трудов XVI Международной научно-практической конференции студентов, аспирантов и молодых ученых, Томск, 12-16 апреля 2010 г |o в 3 т. |f Национальный исследовательский Томский политехнический университет (ТПУ) |d 2010 | |
| 463 | 0 | |0 (RuTPU)RU\TPU\book\250479 |t Т. 2 |v [С. 360-362] |d 2010 | |
| 610 | 1 | |a электронный ресурс | |
| 610 | 1 | |a труды учёных ТПУ | |
| 610 | 1 | |a алгоритмы вычисления | |
| 610 | 1 | |a вычисления | |
| 610 | 1 | |a быстрые алгоритмы | |
| 610 | 1 | |a матричные алгоритмы | |
| 610 | 1 | |a схемы | |
| 610 | 1 | |a контрольные цифры | |
| 610 | 1 | |a быстрые процессы | |
| 700 | 1 | |a Мальчуков |b А. Н. |c специалист в области информатики и вычислительной техники |c доцент Томского политехнического университета, кандидат технических наук |f 1982- |g Андрей Николаевич |3 (RuTPU)RU\TPU\pers\25402 | |
| 701 | 1 | |a Осокин |b А. Н. |c специалист в области обработки изображений |c доцент Томского политехнического университета, кандидат технических наук |f 1947- |g Александр Николаевич |3 (RuTPU)RU\TPU\pers\25406 | |
| 702 | 1 | |a Осокин |b А. Н. |4 727 | |
| 801 | 1 | |a RU |b 63413507 |c 20130213 | |
| 801 | 2 | |a RU |b 63413507 |c 20130521 |g RCR | |
| 856 | 4 | |u http://www.lib.tpu.ru/fulltext/c/2010/C01/V2/153.pdf | |
| 942 | |c CF | ||